| 000 | 00463cam a22001934a 4500 | ||
|---|---|---|---|
| 005 | 20250605164316.0 | ||
| 008 | 250528s ||||||||||||||||||||||||d | ||
| 035 | _a22684 | ||
| 020 | _a9780077095833 | ||
| 040 |
_aGR-AtMCL _bgre _dGR-AtMCL _eAACR2 |
||
| 245 | 1 | _aDISTRIBUTED SYSTEMS AND NETWORKS | |
| 250 | _a1 | ||
| 260 |
_bMcgraw Hill, _c2000 |
||
| 300 | _a674 | ||
| 700 | 1 |
_aBuchanan William _98417 |
|
| 942 | _cBK | ||
| 999 |
_c7732 _d7732 |
||